[Event "King's Indian Saemisch 2024"]
[Site "SchemingMind.com"]
[Date "2024.09.06"]
[Round "-"]
[White "maro"]
[Black "Uzi Mike"]
[Result "*"]
[WhiteCountry "MEX"]
[BlackCountry "USA"]
[WhiteElo "1462"]
[WhiteRD "68"]
[BlackElo "2281"]
[BlackRD "91"]
[GameID "747191"]

1. d4 Nf6 2. c4 g6 3. Nc3 Bg7 4. e4 d6 5. f3 a6 6. Qc2 Nc6 7. Be3 e5 8. dxe5 Nxe5 9. Bg5 O-O 10. O-O-O h6
11. Bf4 Re8 12. Nd5 b5 13. cxb5 Nxd5 14. exd5 Bf5
*

[Event "King's Indian Saemisch 2024"]
[Site "SchemingMind.com"]
[Date "2024.09.06"]
[Round "-"]
[White "Uzi Mike"]
[Black "maro"]
[Result "*"]
[WhiteCountry "USA"]
[BlackCountry "MEX"]
[WhiteElo "2281"]
[WhiteRD "91"]
[BlackElo "1462"]
[BlackRD "68"]
[GameID "747192"]

1. d4 Nf6 2. c4 g6 3. Nc3 Bg7 4. e4 d6 5. f3 O-O 6. Be3 e5 7. Nge2 exd4 8. Nxd4 c5 9. Ndb5 Ne8 10. Bxc5 Bxc3+
11. Nxc3 Na6 12. Be3 b6 13. h4
*

[Event "King's Indian Saemisch 2024"]
[Site "SchemingMind.com"]
[Date "2024.09.11"]
[Round "-"]
[White "pawngrabber"]
[Black "Uzi Mike"]
[Result "*"]
[WhiteCountry "ENG"]
[BlackCountry "USA"]
[WhiteElo "1740"]
[WhiteRD "72"]
[BlackElo "2281"]
[BlackRD "91"]
[GameID "747301"]

1. d4 Nf6 2. c4 g6 3. Nc3 Bg7 4. e4 d6 5. f3 O-O 6. Bg5 c5 7. d5 e6 8. Nge2 exd5 9. Nxd5 h6 10. Nxf6+ Bxf6
11. Bxf6 Qxf6 12. Nc3 Nc6 13. Be2 Be6 14. O-O Qd4+ 15. Qxd4 Nxd4 16. Bd3 a6 17. Ne2 Nc6 18. Nc3 Rab8 19. a4 Ne5
*

[Event "King's Indian Saemisch 2024"]
[Site "SchemingMind.com"]
[Date "2024.09.11"]
[Round "-"]
[White "Uzi Mike"]
[Black "pawngrabber"]
[Result "*"]
[WhiteCountry "USA"]
[BlackCountry "ENG"]
[WhiteElo "2281"]
[WhiteRD "91"]
[BlackElo "1740"]
[BlackRD "72"]
[GameID "747302"]

1. d4 Nf6 2. c4 g6 3. Nc3 Bg7 4. e4 d6 5. f3 O-O 6. Nge2 c5 7. d5 Nbd7 8. Ng3 Nb6 9. Be3 Nfd7 10. Qd2 Ne5
11. b3 f5 12. exf5 Bxf5 13. O-O-O Nbd7 14. h3 Nb8 15. f4 Ned7 16. Nxf5 Rxf5 17. Bd3 Rf8 18. h4 Qa5 19. Nb5 Qxd2+ 20. Bxd2 Na6
21. Rde1
*

[Event "King's Indian Saemisch 2024"]
[Site "SchemingMind.com"]
[Date "2024.09.12"]
[Round "-"]
[White "AussieMossie"]
[Black "pawngrabber"]
[Result "*"]
[WhiteCountry "AUS"]
[BlackCountry "ENG"]
[WhiteElo "2482"]
[WhiteRD "98"]
[BlackElo "1740"]
[BlackRD "72"]
[GameID "747304"]

1. d4 Nf6 2. c4 g6 3. Nc3 Bg7 4. e4 d6 5. f3 O-O 6. Bd3 c5 7. d5 Nbd7 8. Be2 Nb6 9. a4 a6 10. f4 Nbd7
11. Nf3 Qc7 12. O-O b6 13. Qe1 Re8 14. Qh4 Nf8 15. Bd2 Bg4 16. Kh1 Kh8 17. Bd3 h6 18. e5 dxe5 19. fxe5 Bxf3 20. exf6 Bxg2+
21. Kxg2 exf6 22. Bxh6 Kg8
*